| 000 | 01056nam0a22002891 4500 | ||
|---|---|---|---|
| 001 | RU\INGAK2\INFOCOMM_318\NLR\5000089949 | ||
| 005 | 20250625202433.0 | ||
| 035 | _a(NLR Aleph) 011025401 | ||
| 090 |
_a11086387 _c11086387 |
||
| 100 | _a20121224d1961 |||y0rusy50 ca | ||
| 101 | 1 |
_aswe _crus |
|
| 102 | _aRU | ||
| 105 | _ay z|||| | ||
| 200 | 1 |
_aVad är relativitetsteorin? _fL. Landau och J. Rumer _g[Från ryskan av Sven Wallenius] |
|
| 210 |
_aM. _cFörl. för lit. på främmande språk _d1961 |
||
| 215 |
_a64 с. _cил. _d20 см |
||
| 300 | _aНа последней с.: Л. Ландау, Ю. Румер.Что такое теория относительности | ||
| 517 | 1 |
_aЧто такое теория относительности _zrus |
|
| 620 | _aМосква | ||
| 686 |
_aФз-60(х,поп.лит.) _2rubbk |
||
| 700 | 1 |
_aLandau _bL. D. _f1908- _gLev Davidovič |
|
| 701 | 1 |
_aRumer _bJ. B. _gJurij Borisovič |
|
| 801 | 1 |
_aRU _bInfoComm _c20121224 |
|
| 801 | 0 |
_aRU _bNLR _gPSBO |
|
| 852 |
_aNLR _jФз01 Г-4/124 |
||
| 942 | _cBOOK | ||
| 980 | _aNB | ||